365 Marketing strategies for travel agents : (Record no. 291506)
[ view plain ]
| 000 -LEADER | |
|---|---|
| fixed length control field | 00381nam a22001337a 4500 |
| 003 - CONTROL NUMBER IDENTIFIER | |
| control field | SISC |
| 005 - DATE AND TIME OF LATEST TRANSACTION | |
| control field | 20160309161906.0 |
| 008 - FIXED-LENGTH DATA ELEMENTS--GENERAL INFORMATION | |
| fixed length control field | 160309b xxu||||| |||| 00| 0 eng d |
| 020 ## - INTERNATIONAL STANDARD BOOK NUMBER | |
| International Standard Book Number | 9781500342197 |
| 100 ## - MAIN ENTRY--PERSONAL NAME | |
| Personal name | Ogg, Tom |
| 245 ## - TITLE STATEMENT | |
| Title | 365 Marketing strategies for travel agents : |
| Remainder of title | travel professionals share their marketing secrets |
| Statement of responsibility, etc | Tom Ogg |
| 300 ## - PHYSICAL DESCRIPTION | |
| Extent | 91 p. |
| 942 ## - ADDED ENTRY ELEMENTS (KOHA) | |
| Source of classification or shelving scheme | Library of Congress Classification |
| Koha item type | Books |
| Withdrawn status | Lost status | Source of classification or shelving scheme | Damaged status | Home library | Current library | Shelving location | Date acquired | Source of acquisition | Sub Shelving location | Total Checkouts | Full call number | Barcode | Date last seen | Price effective from | Koha item type |
|---|---|---|---|---|---|---|---|---|---|---|---|---|---|---|---|
| Library of Congress Classification | College Library | College Library | Reserve Section | 03/09/2016 | Donation | G 155.3 .Og34 2014 | c20457 | 05/15/2018 | 03/09/2016 | Books |